000 00465nam a2200181Ia 4500
001 8538
005 20260306160617.0
008 260306t2014||||xx |||||||||||||| ||spa||
041 _aESP
082 _a371.102
_bLL726
100 _aLlanos Ceballos, Adolfo León
_eAUT
245 0 _aDidactica general en la clase:
_bfundamentos y aplicación
260 _c2014
300 _a150 páginas :
_c24 cm.
650 _aGEN
654 _aCED
942 _cLIB
_dJUS
_fJUS
_2ddc
_n
999 _c8538
_d8538